|
|
|
|
| LEADER |
00000nab a2200000 ar4500 |
| 001 |
vtls009190780 |
| 003 |
SK-MaSNL |
| 005 |
20260303195719.0 |
| 008 |
080311c19741125xo mr|||||||||000 b|slo |
| 015 |
|
|
|a SNKBUCL1974
|2 snkbucl
|
| 038 |
|
|
|a SNKBUCL
|
| 040 |
|
|
|a SNKBUCL
|b slo
|c SNKBUCL
|e AACR2
|
| 041 |
0 |
|
|a slo
|
| 044 |
|
|
|a xo
|c SK
|
| 080 |
|
|
|a 796.81.093.1
|2 2001
|
| 100 |
1 |
|
|a Major, Ľudovít,
|d 1948-
|4 aut
|9 103558
|
| 245 |
1 |
0 |
|a V znamení nástupu mlade
|b (Majstrovstvá ČSSR v zápasení vo voľnom štýle)
|c Ľudovít Major
|
| 611 |
2 |
7 |
|a Majstrovstvá ČSSR v zápasení vo voľnom štýle
|d (1974)
|2 snkbucl
|9 1229095
|
| 650 |
0 |
7 |
|a zápasenie
|2 snkbucl
|9 13273
|
| 773 |
0 |
|
|t Šport
|g (25.11.1974), s. 6
|
| 852 |
|
|
|a SNK
|b KIS3GCP
|
| 999 |
|
|
|c 2164411
|d 2166341
|